00900 2200313 4500001002100000005001500021035002000036007000300056040001600059100003100075245007300106250001900179300003900198020002200237041000800259082001200267084001800279090002400297264003300321336002100354337003000375338002300405650003800428850001000466008004100476990002300517990002300540990002300563INLIS00000000000457520260524082015 a0010-0122000207ta aSPBUPDbind0 aIndayati OetomoePengarang1 aWomen @ Work :bTips Sukses Berkarier Bagi Wanita /cIndayati Oetomo a.-Ed 1, Cet 10 ax, 82 hal. :billus. ;c16,5x21 cm a978-979-29-3996-5 aind a155.333 a155.333 IND s a155.333 IND s 2- R4 a.--Yogyakarta :bANDI,c2014 2rdacontentaTeks 2rdamediaaTanpa Perantara 2rdacarrieravolume 4aTips Sukses Berkarier bagi Wanita aPUPAD260524 0  a22.725/B/KAPD/2016 a22.727/B/KAPD/2016 a22.728/B/KAPD/2016